MARC details
| 000 -LEADER |
| fixed length control field |
02876nam a22002297a 4500 |
| 005 - DATE AND TIME OF LATEST TRANSACTION |
| control field |
20260303202119.0 |
| 008 - FIXED-LENGTH DATA ELEMENTS--GENERAL INFORMATION |
| fixed length control field |
170714b xxu||||| |||| 00| 0 eng d |
| 020 ## - INTERNATIONAL STANDARD BOOK NUMBER |
| International Standard Book Number |
0-87546-186-7 (alk. paper) |
| 082 ## - DEWEY DECIMAL CLASSIFICATION NUMBER |
| Edition number |
1992 |
| Classification number |
DC 363.11962 |
| Item number |
W82w |
| 100 ## - MAIN ENTRY--PERSONAL NAME |
| 9 (RLIN) |
21251 |
| Personal name |
Wokutch, Richard E. |
| 245 ## - TITLE STATEMENT |
| Title |
Worker protection, Japanese style : |
| Remainder of title |
occupational safety and health in the auto industry / |
| Statement of responsibility, etc. |
Richard E. Wokutch. |
| 260 ## - PUBLICATION, DISTRIBUTION, ETC. (IMPRINT) |
| Place of publication, distribution, etc. |
Ithaca, N.Y. : |
| Name of publisher, distributor, etc. |
ILR Press, |
| Date of publication, distribution, etc. |
c1992. |
| 300 ## - PHYSICAL DESCRIPTION |
| Extent |
xiv, 263 pages : |
| Other physical details |
illustrations ; |
| Dimensions |
24 cm. |
| 440 ## - SERIES STATEMENT/ADDED ENTRY--TITLE |
| 9 (RLIN) |
21252 |
| Title |
Cornell international industrial and labor relations reports ; no. 21. |
| 500 ## - GENERAL NOTE |
| General note |
Includes bibliographical references and index. |
| 505 ## - FORMATTED CONTENTS NOTE |
| Formatted contents note |
1. Introduction -- 2. The Environmental Context for Occupational Safety and Health Activities in Japan -- 3. The Safety and Health System in Japan -- 4. Occupational Safety and Health at Jidosha -- 5. Occupational Safety and Health at Jidosha USA -- 6. Work Injury and Illness Experiences in the United States and Japan -- 7. Conclusions and Recommendations |
| 520 ## - SUMMARY, ETC. |
| Summary, etc. |
Crucially important to both the United States and Japan, the automotive industry has served as a bellwether of national economic and social trends. Richard Wokutch compares the regulation and management of worker safety and health in the two countries and, more specifically, analyzes a Japanese automotive firm's operations in the United States. His research provides a concrete issue around which the Japanese conceptualization of corporate social responsibility can be examined. Regulation and management reflect some fundamental differences between Japan and the United States. Relations among management, labor, and government in addressing occupational safety and health are highly cooperative and nonadversarial in Japan, in sharp contrast to the situation in the United States. The Japanese use a behavioral approach to safety and health, relying on workers to follow certain rules for their own protection. Americans, however, depend on what Wokutch describes as an engineering approach, making machines and work sites as hazard-proof as possible. Japan's management practices and government policies have become objects of fascination in the West. Wokutch's careful analysis of occupational safety and health provides a lens through which those practices and policies may be focused. His book will interest those concerned with occupational safety and health and with the automotive industry, but also those who are eager to understand how some of the most effective national and corporate practices might be adapted cross-nationally. |
| 650 #0 - SUBJECT ADDED ENTRY--TOPICAL TERM |
| 9 (RLIN) |
21254 |
| Topical term or geographic name as entry element |
Automobile industry and trade -- Japan -- Safety measures. |
| 650 #0 - SUBJECT ADDED ENTRY--TOPICAL TERM |
| 9 (RLIN) |
21255 |
| Topical term or geographic name as entry element |
Automobile industry workers -- Health and hygiene -- Japan. |
| 650 #0 - SUBJECT ADDED ENTRY--TOPICAL TERM |
| 9 (RLIN) |
21256 |
| Topical term or geographic name as entry element |
Automobile industry and trade -- United States -- Safety measures. |
| 942 ## - ADDED ENTRY ELEMENTS (KOHA) |
| Source of classification or shelving scheme |
Dewey Decimal Classification |
| Koha item type |
Circulation |